[Event "GER-chT North U16"]
[Site "Syke"]
[Date "2004.09.19"]
[Round "7.4"]
[White "Nautsch, Andreas"]
[Black "Zunk, Richard"]
[Result "1/2-1/2"]
[WhiteElo "1330"]
[BlackElo "1248"]
[PlyCount "64"]
[EventDate "2004.09.16"]
[EventType "team-swiss"]
[EventRounds "7"]
[EventCountry "GER"]
[SourceTitle "EXT 2006"]
[Source "ChessBase"]
[SourceDate "2005.11.24"]
[SourceVersion "1"]
[SourceVersionDate "2005.11.24"]
[SourceQuality "1"]

1. e4 e5 2. Nf3 Nc6 3. Nc3 b6 4. d4 exd4 5. Nxd4 Bb7 6. Nxc6 Bxc6 7. Bd3 Bb4 8. Bd2 Qe7 9. 0-0 Nf6 10. e5 Nd5 11. Nxd5 Bxd5 12. Bxb4 Qxb4 13. b3 0-0 14. Re1 Rfe8 15. Re3 Re7 16. Qe2 Rae8 17. c4 Bb7 18. a3 Qc5 19. b4 Qd4 20. Rd1 Qf4 21. g3 Qh6 22. Re1 g6 23. Be4 Bxe4 24. Rxe4 Qg7 25. Kg2 f5 26. Re3 Qf7 27. f4 Qe6 28. Kf2 h5 29. h4 c6 30. b5 c5 31. Kf3 Kf7 32. Kf2 Kg7 1/2-1/2

[Event "GER-chT North U16"]
[Site "Syke"]
[Date "2004.09.18"]
[Round "5.4"]
[White "Zunk, Richard"]
[Black "Torwelle, Marcel"]
[Result "0-1"]
[WhiteElo "1248"]
[BlackElo "1556"]
[PlyCount "98"]
[EventDate "2004.09.16"]
[EventType "team-swiss"]
[EventRounds "7"]
[EventCountry "GER"]
[SourceTitle "EXT 2006"]
[Source "ChessBase"]
[SourceDate "2005.11.24"]
[SourceVersion "1"]
[SourceVersionDate "2005.11.24"]
[SourceQuality "1"]

1. e4 c5 2. Nf3 d6 3. d4 cxd4 4. Nxd4 Nf6 5. Nc3 a6 6. Bc4 e6 7. 0-0 Qc7 8. Bb3 Nc6 9. Be3 Be7 10. Qe2 b5 11. a3 Bb7 12. Rfe1 0-0 13. Nxc6 Bxc6 14. Bd2 Rfd8 15. Rad1 Nd7 16. Ba2 Nc5 17. b4 Nd7 18. Bf4 Bb7 19. Rd3 Nb6 20. Re3 Qc6 21. f3 Bf6 22. Qd2 Rac8 23. Nb1 Qxc2 24. Qxc2 Rxc2 25. R3e2 Bd4+ 26. Kh1 Rxe2 27. Rxe2 e5 28. Bg3 Rc8 29. h3 Na4 30. Kh2 Nc3 31. Nxc3 Rxc3 32. f4 Rxa3 33. Bd5 Bxd5 34. exd5 f6 35. fxe5 fxe5 36. Rc2 Rc3 37. Ra2 Rc1 38. Rxa6 Bg1+ 39. Kh1 Bc5+ 40. Kh2 Bxb4 41. Ra2 Bc5 42. h4 Rd1 43. Rb2 Rxd5 44. Kh3 b4 45. Be1 Rd3+ 46. g3 b3 47. Kg2 Bd4 48. Rb1 b2 49. Kf1 Ra3 0-1